Gaming Quiz

Random Gaming or Nintendo Quiz
Score 0/26 Timer 05:00
0 Plays Today
Clue Character % Correct
One of the main characters of Fire Emblem Blazing Sword. The only lord ever to use an axe as main weapon. Hector
94.5%
Former vassal of House Virion. She has a deep bond with her wyvern Minerva and is the scariest person in the army to anger.Cherche
91.3%
The Exalt/Queen of Ylisse and older sister of Chrom and Lissa. A peace-loving and kind ruler who is the most resilient person in the army.Emmeryn
90.9%
The flirty and outgoing son of Olivia from the future. Wishes to become a dancer and has a tendency to cry and become depressed. Inigo
87.2%
Was first known as the Sword Demon but later he became more known as the Sword Saint. Karel
86.7%
The princess of Frelia, she is cheery and sociable much unlike her older brother Innes. Tana
84.6%
A young recruit from the small Grado village Silva. Amelia
82.7%
Count Reglay and Mage General of Etruria. Louise's husband and Klein and Clarine's father. Pent
82%
The reckless fighter of the Greil Mercenaries. The middle brother of the three brothers in the group. Boyd
81.8%
A rude shaman who is the twin brother of Lugh.Raigh
81.3%
More known as the Black Knight. Also the greatest general in Begnion's army.Zelgius
80.2%
A knight of Leonster, the only character to be playable in both generations of Fire Emblem Genealogy of the Holy War. Finn
76.7%
A mercenary of Talys and Princess Shiida's bodyguard. Ogma
76.5%
Clue Character % Correct
A cleric of Grado banned as a traitor. She seeks help from Eirika and tells her about Grado's plans to destroy the Sacred Stones. Natasha
75.7%
Dark God of Valentia and Final Boss of Fire Emblem Gaiden. Duma
75.6%
Prince of Leonster who unfortunately suffers a sad end in the Yied Desert. Brother in law to one of the main characters in FE4 and father of the main character in FE5.Quan
74.5%
An assassin known as the Fireman. Demands gold for every job he takes on, but nobody knows why he needs so much money. Volke
68.3%
The princess of Bern who seeks help from Roy to stop her older brother the King of Bern. Guinevere
67.7%
Once a high ranking Zofian general. Raised Alm and Celica. Mycen
64.8%
The first thief ever. Abandoned his thieving ways to rescue the cleric Lena. Julian
64.7%
Known as the 'ears' and the left arm of the Hawk King Tibarn. Ulki
62.7%
A bishop of Khadein and Merric and Ellerean's teacher.Wendell
56.5%
The Prince of Silesse who ran away and disguises himself as a bard. Later becomes the King of Silesse and also Seliph's tactician. Lewyn
55.7%
A former general of Leonster. He sides with Freege after Leonster's fall to save people of Leonster. Very hard to recruit. Xavier
40.8%
The young prince of Grust, much quiter than his twin sister. He's protected by Lorenz and Ogma in the beginning of the game from Emperor Hardin's men.Yubello
38.8%
A very young sister, she's the only one in the game that can use the Kia Staff. Manfroy's granddaughter. Sara
34.3%
Remove Ads.
Support Sporcle.
Get the best of Sporcle when you Go Orange. This ad-free experience offers more features, more stats, and more fun while also helping to support Sporcle. Thank you for becoming a member.

You're not logged in!

Compare scores with friends on all Sporcle quizzes.
OR
Log In

Show Comments

Extras

Top Quizzes Today


Score Distribution

Your Account Isn't Verified!

In order to create a playlist on Sporcle, you need to verify the email address you used during registration. Go to your Sporcle Settings to finish the process.

Report this User

Report this user for behavior that violates our Community Guidelines.

Details: